Guess the Footballers by their Teams - Picture Edition #5 - Statistics

General Stats
  • This quiz has been taken 139 times
  • The average score is 12 of 15
Answer Stats
Picture Answer % Correct
Zinedine Zidane
99%
Harry Maguire
98%
Antonio Rüdiger
96%
Sergio Agüero
95%
Rodri
88%
Paolo Maldini
87%
Jan Vertonghen
80%
Michel Platini
78%
Georginio Wijnaldum
77%
Diego Godín
71%
Tim Cahill
66%
Adriano
65%
Dimitar Berbatov
60%
Demba Ba
48%
Adel Taarabt
46%
No matching quizzes found
Score Distribution
Percent of People with Each Score
Percentile by Number Answered
Your Score History
You have not taken this quiz